British Bands to Cities - Statistics

General Stats
  • This quiz has been taken 76 times
  • The average score is 13 of 20
Answer Stats
Band Town/city % Correct
The Beatles Liverpool
100%
Oasis Manchester
97%
The Who London
96%
Black Sabbath Birmingham
88%
Arctic Monkeys Sheffield
86%
Primal Scream Glasgow
83%
Bay City Rollers Edinburgh
81%
Manic Street Preachers Cardiff
75%
Kaiser Chiefs Leeds
74%
The Animals Newcastle
72%
Stiff Little Fingers Belfast
65%
Massive Attack Bristol
64%
Radiohead Oxford
61%
Kasabian Leicester
57%
The Kooks Brighton
48%
The Specials Coventry
45%
Sleaford Mods Nottingham
43%
Katrina and the Waves Cambridge
42%
The Proclaimers Leith
17%
Simple Minds Paisley
12%
No matching quizzes found
Score Distribution
Percent of People with Each Score
Percentile by Number Answered
Your Score History
You have not taken this quiz